00826nam a2200229 a 4500001001000000003000500010005001700015008004100032010001100073011001100084020001800095040000900113082001600122111014300138245014500281260003700426300001800463490002700481650003200508650002900540830002700569000111142CHAP20220329144200.0141208s2014 mx a |r| |||||||spa d a107604 a108576 a9786074511000 cCHAP04a378.72bR4420aReunión de Reflexión y Análisis sobre el Presente y el Futuro de la Educación Media Superior Universitariad(2014:cMéxico, D.F)10aMemoria de la reunión reflexión y análisis sobre el presente y el futuro de la Educación Media Superior Universitaria /cpor ANUIES. aMéxico, D.F. :bANUIES,c2014. a515 p. :bil.1 aColección documentos14aEducación media superior.14aUniversidadesxMéxico.0 aColección documentos